| 000 | 00526cam a2200169Ia 4500 | ||
|---|---|---|---|
| 020 | _a9711040743 | ||
| 040 | _cUIU | ||
| 082 | _a633 ISN 1983 A052 Or. | ||
| 245 | 1 | 0 | _aProceedings of the Conference on Weed Control in Rice, 31 August-4 September 1981 / |
| 260 |
_aLos Ba©łos, Laguna, Philippines : _bThe Institute, _c1983 |
||
| 300 |
_a422 p. : _bill., maps ; _c23 cm |
||
| 650 | 0 | _aRice | |
| 650 | 0 | _aRice | |
| 710 | 2 | _aInternational Rice Research Institute | |
| 710 | 2 | _aInternational Weed Science Society | |
| 942 | _cEK | ||
| 999 |
_c14587 _d14587 |
||